000 00524nam a22001697a 4500
003 SISC
005 20160621153110.0
008 160621b xxu||||| |||| 00| 0 eng d
020 _a9789814606998
050 _aQH 316 Ib14 2015
245 _aIntegrated science biology :
_ba topical course assessment for lower secondary levels /
_cImran Ibrahim.
250 _aNew ed.
260 _aSingapore :
_bSingapore Asia Publishers,
_cc2015.
300 _a255 p. :
_bill. ;
_c26 cm.
650 _aBiology.
942 _2lcc
_cBK
999 _c296174
_d296174